[Event "Niedersachsen-ch op C"]
[Site "Verden"]
[Date "2018.01.07"]
[Round "7"]
[White "Kirch, Christopher"]
[Black "Janssen, Felix"]
[Result "1/2-1/2"]
[WhiteElo "1288"]
[BlackElo "1150"]
[PlyCount "64"]
[EventDate "2018.01.04"]
[EventType "swiss"]
[EventRounds "7"]
[EventCountry "GER"]
[SourceTitle "EXT 2022"]
[Source "ChessBase"]
[SourceDate "2021.10.06"]
[SourceVersion "1"]
[SourceVersionDate "2021.10.06"]
[SourceQuality "1"]

1. e4 e5 2. Nf3 Nc6 3. Bb5 a6 4. Ba4 Nf6 5. d3 d6 6. Bg5 Be7 7. 0-0 0-0 8. h3 Be6 9. c3 b5 10. Bc2 Qd7 11. Bxf6 Bxf6 12. Kh2 Ne7 13. d4 c6 14. Re1 Ng6 15. Bb3 Nf4 16. Bxe6 Qxe6 17. Re3 Rad8 18. Nbd2 Be7 19. Qf1 f5 20. g3 Nh5 21. exf5 Rxf5 22. dxe5 dxe5 23. Nd4 Nxg3 24. Qg2 Qd6 25. Nxf5 Nxf5 26. Ree1 e4+ 27. Kh1 Qf4 28. Nxe4 Nh4 29. Qg3 Qf5 30. Rg1 g6 31. Qg4 Qd5 32. Rge1 Nf5 1/2-1/2

[Event "Niedersachsen-ch op C"]
[Site "Verden"]
[Date "2018.01.05"]
[Round "3"]
[White "Kirch, Christopher"]
[Black "Diederichs, Karl"]
[Result "1/2-1/2"]
[WhiteElo "1288"]
[BlackElo "1010"]
[PlyCount "20"]
[EventDate "2018.01.04"]
[EventType "swiss"]
[EventRounds "7"]
[EventCountry "GER"]
[SourceTitle "EXT 2022"]
[Source "ChessBase"]
[SourceDate "2021.10.06"]
[SourceVersion "1"]
[SourceVersionDate "2021.10.06"]
[SourceQuality "1"]

1. e4 g6 2. Nf3 d6 3. h3 Bg7 4. Bc4 e6 5. Bb3 a6 6. d3 b5 7. c3 Nd7 8. Be3 Bb7 9. a3 Ne7 10. Nbd2 d5 1/2-1/2

[Event "Hannover Bezirk-ch A"]
[Site "Lehrte"]
[Date "2017.10.31"]
[Round "7.6"]
[White "Kirch, Christopher"]
[Black "Grenz, Michael"]
[Result "0-1"]
[WhiteElo "1311"]
[BlackElo "1455"]
[PlyCount "70"]
[EventDate "2017.10.??"]
[EventType "swiss"]
[EventRounds "7"]
[EventCountry "GER"]
[SourceTitle "EXT 2022"]
[Source "ChessBase"]
[SourceDate "2021.10.06"]
[SourceVersion "1"]
[SourceVersionDate "2021.10.06"]
[SourceQuality "1"]

1. f4 d5 2. Nf3 c5 3. b3 Nf6 4. Bb2 e6 5. e3 Nc6 6. Bb5 a6 7. Bxc6+ bxc6 8. 0-0 Be7 9. d3 0-0 10. Qe1 a5 11. Nbd2 a4 12. Qg3 Nh5 13. Qf2 Bb7 14. g4 Nf6 15. h3 axb3 16. axb3 Ba6 17. Kh1 c4 18. bxc4 dxc4 19. dxc4 Qc7 20. Rg1 Qb6 21. Rab1 Qc5 22. Bd4 Qd6 23. Qg2 c5 24. Be5 Qc6 25. Ra1 Bb7 26. Rxa8 Rxa8 27. Ne1 Rd8 28. Qxc6 Bxc6+ 29. Ndf3 Ne4 30. Kh2 Ra8 31. Nd3 f6 32. Bb2 Ra4 33. g5 Rxc4 34. Nfe1 fxg5 35. fxg5 Bd6+ 0-1

[Event "Hannover-ch U16/18"]
[Site "Lehrte"]
[Date "2015.10.31"]
[Round "5"]
[White "Kirch, Christopher"]
[Black "Wengorsch, Fenja"]
[Result "1/2-1/2"]
[WhiteElo "1315"]
[BlackElo "866"]
[PlyCount "93"]
[EventDate "2015.10.29"]
[EventType "swiss"]
[EventRounds "7"]
[EventCountry "GER"]
[SourceTitle "EXT 2021"]
[Source "ChessBase"]
[SourceDate "2020.10.23"]
[SourceVersion "1"]
[SourceVersionDate "2020.10.23"]
[SourceQuality "1"]

1. e4 e5 2. c4 Nf6 3. Nc3 Bb4 4. Nge2 d6 5. h3 Bxc3 6. Nxc3 Nc6 7. d3 Nd4 8. Ne2 Be6 9. Nxd4 exd4 10. g3 c5 11. Bg2 Rb8 12. 0-0 0-0 13. f4 Bd7 14. f5 Bc6 15. Bg5 h6 16. Bd2 Nd7 17. Bf4 Ne5 18. Qd2 g5 19. Bxe5 dxe5 20. f6 Re8 21. h4 Kh7 22. hxg5 h5 23. Qe2 Kg6 24. Qd2 Qd7 25. Rf5 Qc7 26. Bh3 Bd7 27. Qe2 a6 28. Kg2 Rh8 29. Qf2 b5 30. cxb5 Bxb5 31. Rxe5 Qxe5 32. Bf5+ Kxg5 33. Qd2+ Kxf6 34. Rf1 Ke7 35. Qg5+ Kd6 36. Rf3 Rbg8 37. Qh4 Ba4 38. b3 Bb5 39. Kf2 f6 40. Kg2 Rg5 41. Kf2 a5 42. a4 Bd7 43. Bxd7 Kxd7 44. Qh3+ Qe6 45. Qh4 Ke7 46. Qf4 Rf8 47. Qc7+ 1/2-1/2

[Event "Hannover-ch U16/18"]
[Site "Lehrte"]
[Date "2015.10.29"]
[Round "1"]
[White "Kirch, Christopher"]
[Black "Kiesel, Lucas"]
[Result "0-1"]
[WhiteElo "1315"]
[BlackElo "1712"]
[PlyCount "62"]
[EventDate "2015.10.29"]
[EventType "swiss"]
[EventRounds "7"]
[EventCountry "GER"]
[SourceTitle "EXT 2021"]
[Source "ChessBase"]
[SourceDate "2020.10.23"]
[SourceVersion "1"]
[SourceVersionDate "2020.10.23"]
[SourceQuality "1"]

1. e4 d6 2. d4 Nf6 3. Nc3 g6 4. h3 Bg7 5. Bc4 0-0 6. Nf3 Nxe4 7. Bxf7+ Rxf7 8. Nxe4 Nc6 9. c3 e5 10. dxe5 Nxe5 11. Nxe5 Bxe5 12. 0-0 Rf5 13. Ng3 Bxg3 14. fxg3 Qf6 15. Rxf5 Bxf5 16. Qd5+ Qe6 17. Qd4 c5 18. Qf2 Re8 19. Bf4 b6 20. Qd2 d5 21. Rd1 Be4 22. b3 Re7 23. b4 Rb7 24. Be3 cxb4 25. cxb4 Rc7 26. Rc1 Qe7 27. a3 Qd7 28. Bf4 Rc6 29. Re1 Rc2 30. Qd1 Rxg2+ 31. Kf1 Qxh3 0-1

[Event "Hannover-ch U14"]
[Site "Lehrte"]
[Date "2014.10.27"]
[Round "6"]
[White "Kirch, Christopher"]
[Black "Winkler, Gordin"]
[Result "1-0"]
[WhiteElo "1034"]
[BlackElo "809"]
[PlyCount "57"]
[EventDate "2014.10.25"]
[EventType "swiss"]
[EventRounds "7"]
[EventCountry "GER"]
[SourceTitle "EXT 2021"]
[Source "ChessBase"]
[SourceDate "2020.10.23"]
[SourceVersion "1"]
[SourceVersionDate "2020.10.23"]
[SourceQuality "1"]

1. f4 f5 2. Nf3 Nf6 3. b3 d5 4. e3 a6 5. Bb2 Qd6 6. Bd3 Nc6 7. 0-0 Be6 8. h3 0-0-0 9. Qe2 Nb4 10. Ba3 a5 11. c3 c5 12. cxb4 axb4 13. Bb2 Nh5 14. Rc1 Ng3 15. Qf2 Ne4 16. Bxe4 fxe4 17. Nh2 b5 18. Bd4 c4 19. bxc4 bxc4 20. Qe2 Kd7 21. Qd1 Ra8 22. Ng4 Bxg4 23. Qxg4+ e6 24. Bb2 h5 25. Qe2 b3 26. axb3 Rxa1 27. Bxa1 Qa6 28. Bd4 cxb3 29. Qxa6 1-0

[Event "Hannover-ch U14"]
[Site "Lehrte"]
[Date "2014.10.26"]
[Round "3"]
[White "Albrecht, Dennis"]
[Black "Kirch, Christopher"]
[Result "0-1"]
[WhiteElo "870"]
[BlackElo "1034"]
[PlyCount "32"]
[EventDate "2014.10.25"]
[EventType "swiss"]
[EventRounds "7"]
[EventCountry "GER"]
[SourceTitle "EXT 2021"]
[Source "ChessBase"]
[SourceDate "2020.10.23"]
[SourceVersion "1"]
[SourceVersionDate "2020.10.23"]
[SourceQuality "1"]

1. e4 e5 2. Nf3 Nc6 3. Bc4 Bc5 4. d3 h6 5. Nc3 Nf6 6. h3 d6 7. Bd2 Bd7 8. 0-0 Qc8 9. Nd5 Nd4 10. Nxf6+ gxf6 11. Bd5 c6 12. Bc4 Bxh3 13. gxh3 Qxh3 14. Nxd4 Rg8+ 15. Bg5 Rxg5+ 16. Qg4 Rxg4# 0-1

[Event "Hannover-ch U14"]
[Site "Lehrte"]
[Date "2013.10.17"]
[Round "1"]
[White "Weiss, Alexander"]
[Black "Kirch, Christopher"]
[Result "0-1"]
[WhiteElo "687"]
[BlackElo "1092"]
[PlyCount "76"]
[EventDate "2013.10.17"]
[EventType "swiss"]
[EventRounds "7"]
[EventCountry "GER"]
[SourceTitle "EXT 2021"]
[Source "ChessBase"]
[SourceDate "2020.10.23"]
[SourceVersion "1"]
[SourceVersionDate "2020.10.23"]
[SourceQuality "1"]

1. e4 e5 2. Nf3 Nc6 3. Bc4 Bc5 4. d3 h6 5. Nc3 Nf6 6. 0-0 d6 7. h3 Be6 8. Bxe6 fxe6 9. Be3 Bb6 10. Qe2 0-0 11. Bxb6 axb6 12. a3 d5 13. Rfd1 d4 14. Nb5 Ra5 15. a4 Ne7 16. c3 c5 17. b4 cxb4 18. cxd4 exd4 19. Nfxd4 Qd7 20. Rdc1 Nc6 21. Rc4 Nxd4 22. Rxd4 Qe7 23. Qc2 Qc5 24. Qb3 Rxb5 25. axb5 Qxd4 26. Qxe6+ Kh8 27. Rc1 Nh5 28. Qe7 Qxf2+ 29. Kh1 Rg8 30. Qxb4 Nf4 31. Rg1 Nxd3 32. Qc4 Nf4 33. Qc7 Ne2 34. Rd1 Rf8 35. Qh2 Ng3+ 36. Qxg3 Qxg3 37. Kg1 Rf2 38. Rf1 Qxg2# 0-1

[Event "Hannover-ch U12"]
[Site "Lehrte"]
[Date "2012.10.22"]
[Round "8"]
[White "Jahn, Philipp"]
[Black "Kirch, Christopher"]
[Result "0-1"]
[WhiteElo "848"]
[BlackElo "821"]
[PlyCount "122"]
[EventDate "2012.10.20"]
[EventType "swiss"]
[EventRounds "11"]
[EventCountry "GER"]
[SourceTitle "EXT 2021"]
[Source "ChessBase"]
[SourceDate "2020.10.23"]
[SourceVersion "1"]
[SourceVersionDate "2020.10.23"]
[SourceQuality "1"]

1. e4 e5 2. Nf3 Nc6 3. Bc4 Bc5 4. c3 b6 5. d4 Bd6 6. d5 Nce7 7. 0-0 Bb7 8. Be3 h6 9. a3 Nf6 10. Bd3 0-0 11. b4 c6 12. Nbd2 cxd5 13. exd5 Nfxd5 14. c4 Nxe3 15. fxe3 a5 16. Ne4 Qc7 17. Nxd6 Qxd6 18. Bc2 Qxd1 19. Rfxd1 Bxf3 20. gxf3 Rad8 21. bxa5 bxa5 22. Re1 Rfe8 23. Bd3 f6 24. f4 d6 25. Rab1 Rb8 26. Rb5 Rxb5 27. cxb5 Rb8 28. fxe5 dxe5 29. Rc1 Rc8 30. Rb1 Rc3 31. Bf1 Nd5 32. Bg2 Nb6 33. Kf2 Rxa3 34. Ke2 Rc3 35. Kd2 Rc8 36. Bd5+ Nxd5 37. b6 Nxb6 38. Rxb6 Rd8+ 39. Ke2 g5 40. e4 Kg7 41. Rb7+ Kg6 42. Ra7 Rb8 43. Rxa5 Rb2+ 44. Kf3 Rxh2 45. Kg3 Rc2 46. Ra4 Rc8 47. Ra1 h5 48. Rh1 h4+ 49. Kg4 Rc4 50. Re1 f5+ 51. Kh3 g4+ 52. Kg2 Rc2+ 53. Kh1 g3 54. exf5+ Kxf5 55. Rf1+ Rf2 56. Rxf2+ gxf2 57. Kg2 Kg4 58. Kh2 e4 59. Kg2 e3 60. Kh2 e2 61. Kg2 e1Q 0-1

[Event "Hannover-ch U12"]
[Site "Lehrte"]
[Date "2012.10.21"]
[Round "5"]
[White "Kirch, Christopher"]
[Black "Wehrhahn, Duncan"]
[Result "1-0"]
[WhiteElo "821"]
[BlackElo "996"]
[PlyCount "67"]
[EventDate "2012.10.20"]
[EventType "swiss"]
[EventRounds "11"]
[EventCountry "GER"]
[SourceTitle "EXT 2021"]
[Source "ChessBase"]
[SourceDate "2020.10.23"]
[SourceVersion "1"]
[SourceVersionDate "2020.10.23"]
[SourceQuality "1"]

1. e4 e5 2. Nf3 Nc6 3. Bc4 Bc5 4. Nc3 Nf6 5. d3 d6 6. Bg5 Bg4 7. h3 Bh5 8. g4 Bg6 9. Nd5 h6 10. Nxf6+ gxf6 11. Bh4 h5 12. g5 fxg5 13. Bxg5 Qd7 14. a3 Bd4 15. c3 Bc5 16. b4 Bb6 17. a4 a5 18. Rb1 axb4 19. cxb4 Rb8 20. a5 Bd4 21. Nxd4 Nxd4 22. Be3 Nc6 23. Bb5 Qe7 24. Rg1 Qh4 25. Rg3 f5 26. Bg5 f4 27. Bxh4 fxg3 28. Bxg3 Ke7 29. Bh4+ Ke6 30. Qf3 Rhf8 31. Qg2 Rg8 32. Qg5 Rbf8 33. Bxc6 bxc6 34. Qe7# 1-0

[Event "Hannover-ch U12"]
[Site "Lehrte"]
[Date "2012.10.20"]
[Round "3"]
[White "Kirch, Christopher"]
[Black "Azizi, Siar"]
[Result "1/2-1/2"]
[WhiteElo "821"]
[BlackElo "803"]
[PlyCount "52"]
[EventDate "2012.10.20"]
[EventType "swiss"]
[EventRounds "11"]
[EventCountry "GER"]
[SourceTitle "EXT 2021"]
[Source "ChessBase"]
[SourceDate "2020.10.23"]
[SourceVersion "1"]
[SourceVersionDate "2020.10.23"]
[SourceQuality "1"]

1. e4 e5 2. Nf3 Nf6 3. Nc3 Nc6 4. Bc4 Bc5 5. d3 0-0 6. Bg5 Nd4 7. Nxd4 Bxd4 8. Qf3 d5 9. Bxd5 Bg4 10. Qg3 h5 11. h3 c6 12. Bb3 Qd7 13. Bxf6 Qd6 14. Bxg7 Kxg7 15. hxg4 Qf6 16. gxh5+ Kh6 17. f3 Qd6 18. Rf1 Qc5 19. Bc4 Qb4 20. Rd1 Rg8 21. Qh2 Qxb2 22. Ne2 Rg5 23. Nxd4 Qxd4 24. Rd2 Rag8 25. f4 Rxh5 26. Qg1 Qa1+ 1/2-1/2

[Event "Hannover-ch U12"]
[Site "Lehrte"]
[Date "2011.10.18"]
[Round "10"]
[White "Wehrhahn, Duncan"]
[Black "Kirch, Christopher"]
[Result "1-0"]
[WhiteElo "731"]
[BlackElo "798"]
[PlyCount "71"]
[EventDate "2011.10.15"]
[EventType "swiss"]
[EventRounds "11"]
[EventCountry "GER"]
[SourceTitle "EXT 2021"]
[Source "ChessBase"]
[SourceDate "2020.10.23"]
[SourceVersion "1"]
[SourceVersionDate "2020.10.23"]
[SourceQuality "1"]

1. d4 d5 2. c4 e6 3. Nc3 Bb4 4. Bd2 Nc6 5. Nf3 Nf6 6. e3 0-0 7. a3 Bxc3 8. Bxc3 Ne4 9. cxd5 exd5 10. Qc2 Nxc3 11. Qxc3 Bg4 12. Be2 Bxf3 13. Bxf3 Re8 14. 0-0 b5 15. Qxc6 Re6 16. Qxd5 Qxd5 17. Bxd5 Ree8 18. Bxa8 Rxa8 19. Rac1 Rc8 20. Rc5 a6 21. a4 bxa4 22. Ra5 Rb8 23. Rb1 Ra8 24. Rxa4 g6 25. h3 f5 26. Rc1 Ra7 27. b4 Rb7 28. Rxa6 Rxb4 29. Rxc7 Rb8 30. d5 Kf8 31. d6 Ke8 32. Rxh7 Rd8 33. Raa7 Rd7 34. Raxd7 g5 35. Rde7+ Kd8 36. Rh8# 1-0